LIBRARY & INFORMATION CENTRE, KCAET, TAVANUR

ONLINE PUBLIC ACCESS CATALOGUE (OPAC)

Redeemer : Keralathinte titanic / | റെഡീമര്‍ : കേരളത്തിന്റെ ടൈറ്റാനിക് (Record no. 19482)

MARC details
000 -LEADER
fixed length control field 00480nam a22001577a 4500
003 - CONTROL NUMBER IDENTIFIER
control field OSt
008 - FIXED-LENGTH DATA ELEMENTS--GENERAL INFORMATION
fixed length control field 250830b |||||||| |||| 00| 0 eng d
041 ## - LANGUAGE CODE
Language code of text/sound track or separate title eng
082 ## - DEWEY DECIMAL CLASSIFICATION NUMBER
Classification number 954.83
Item number SAK/RE
100 ## - MAIN ENTRY--AUTHOR NAME
Personal name Sakhariya Thangal
245 ## - TITLE STATEMENT
Title Redeemer : Keralathinte titanic /
Remainder of title റെഡീമര്‍ : കേരളത്തിന്റെ ടൈറ്റാനിക്
260 ## - PUBLICATION, DISTRIBUTION, ETC. (IMPRINT)
Place of publication Kottayam :
Name of publisher D.C. Books,
Year of publication 2024.
300 ## - PHYSICAL DESCRIPTION
Number of Pages 160 p.
650 ## - SUBJECT ADDED ENTRY--TOPICAL TERM
Topical Term History
942 ## - ADDED ENTRY ELEMENTS (KOHA)
Koha item type Books
Holdings
Withdrawn status Lost status Damaged status Home library Current library Date acquired Source of acquisition Cost, normal purchase price Full call number Accession Number Koha item type
      KAUAET KAUAET 30/08/2025 Donated by KT Jaleel MLA 210.00 954.83 SAK/RE 26308 Books
free website counter